000 00489nam a2200181Ia 4500
005 20250326124204.0
008 250326s9999 xx 000 0 und d
037 _aTextbook
040 _aFMSL
_beng
_cFMSL
041 _aeng
_2eng
084 _aX:51 K6;3
_qFMSL
100 _aGiles G B
_9151383
245 0 _aMarketing management
_cGiles G B
260 _aLondon
_bLondon, Macdonald & Evans
_c1966
300 _a324p
942 _cTB
_hX:51 K6;3
999 _c1272653
_d1272653